| 000 | 00416nam a2200133Ia 4500 | ||
|---|---|---|---|
| 008 | 231221s9999 xx 000 0 und d | ||
| 020 | _a978-0-387-23572-1 | ||
| 041 | _aEnglish | ||
| 100 | _aPaul Nicholson, Mikko Ruohonen, J. Barrie Thompson, Jari Multisilta | ||
| 245 | 0 | _aE-Training Practices for Professional Organizations | |
| 260 |
_c2005 _bSpringer US _aNew York |
||
| 650 | _aComputer Science | ||
| 942 | _cEB | ||
| 999 |
_c218001 _d218001 |
||